Canadian Cultural Symbols - Statistics

General Stats
  • This quiz has been taken 153 times
  • The average score is 9 of 15
Answer Stats
Hint Answer % Correct
Iconic leaf Maple leaf
96%
Popular winter sport Hockey
95%
National animal Beaver
88%
Famous food from Quebec Poutine
86%
Famous waterfall Horseshoe Falls
81%
Where Canadians buy donuts Tim Hortons
78%
Famous police RCMP
69%
The name of a one dollar coin Loonie
66%
What the aboriginal people are called First Nations People
53%
Vehicle preferred in the north Snowmobile
53%
Famous dessert from Nanaimo Nanaimo bar
44%
Popular chocolate bar with coffee in it Coffee Crisp
40%
Name for a "cap" Toque
34%
A stone landmark created by the Inuit Inuksuk
31%
Popular rock band from Canada Rush
29%
No matching quizzes found
Score Distribution
Percent of People with Each Score
Percentile by Number Answered
Your Score History
You have not taken this quiz